| 000 | 00415nam a2200157 a 4500 | ||
|---|---|---|---|
| 005 | 20140310183320.0 | ||
| 008 | 060303s19uu xx 00 eng d | ||
| 020 | _a0446603961 | ||
| 050 |
_aPR 9199.3 _b.M65 1997 |
||
| 100 | _aMorrell, David | ||
| 245 |
_aExtreme denial / _cDavid Morrell. |
||
| 260 |
_aNew York : _bWarner Books, Inc, _c1997. |
||
| 300 |
_a466 p. : _c17 cm. |
||
| 942 |
_cBK _2lcc |
||
| 999 |
_c21383 _d21383 |
||